| 000 | 01128nam a2200277 a 4500 | ||
|---|---|---|---|
| 005 | 20171121091730.0 | ||
| 008 | 140224b1995 sp ad|||r|||| 001 0 spa d | ||
| 022 | _a1132-8398 | ||
| 040 |
_aCO-BoIAVH _cCO-BoIAVH |
||
| 041 | 0 | _aspa | |
| 044 | _asp | ||
| 082 | 0 | 4 |
_a597.9821788 _bV43s |
| 100 | 1 |
_aVelascos, Alvaro _eautor |
|
| 245 | 1 | 0 | _aSituación actual de las poblaciones de baba (Caiman crocodilus) sometidas a aprovechamiento comercial en los llanos venezolanos |
| 260 |
_aSevilla (España) : _bAsociación de Amigos de Doñana, _c1995. |
||
| 300 |
_a71 páginas : _btablas y gráficas ; _c23 x 16 cm. |
||
| 490 | 0 |
_aPublicaciones de la sasociacion de amigos de Doñana ; _v5 |
|
| 504 | _aIncluye referencias bibliográficas. | ||
| 650 | 2 | 6 |
_aCaiman crocodilus _xComercio internacional _zVenezuela |
| 650 | 2 | 6 |
_aEcología de las poblaciones _zVenezuela |
| 650 | 2 | 6 |
_aCaiman crocodilus _xCensos de población _zVenezuela |
| 650 | 2 | 6 |
_aCaiman crocodilus _xDensidad de la población _zVenezuela |
| 662 | _aVenezuela | ||
| 700 | 1 |
_aAyarzaguena, José _eautor |
|
| 942 |
_cLIBRO _2ddc |
||
| 999 |
_c903 _d903 |
||